Mountain world in danger : (Record no. 13534)

MARC details
000 -LEADER
fixed length control field 00553nam a22002057a 4500
005 - DATE AND TIME OF LATEST TRANSACTION
control field 20170719153108.0
007 - PHYSICAL DESCRIPTION FIXED FIELD--GENERAL INFORMATION
fixed length control field 000
008 - FIXED-LENGTH DATA ELEMENTS--GENERAL INFORMATION
fixed length control field 000
020 ## - INTERNATIONAL STANDARD BOOK NUMBER
International Standard Book Number 1853831182
040 ## - CATALOGING SOURCE
Original cataloging agency UOEL
050 ## - LIBRARY OF CONGRESS CALL NUMBER
Classification number QC993.6
Item number .N55 1991
100 ## - MAIN ENTRY--PERSONAL NAME
Personal name Nilsson, Sten
245 ## - TITLE STATEMENT
Title Mountain world in danger :
Remainder of title climate change in the mountains and forests of Europe /
Statement of responsibility, etc Sten Nilsson, David Pitt
260 ## - PUBLICATION, DISTRIBUTION, ETC. (IMPRINT)
Place of publication, distribution, etc London ;
Name of publisher, distributor, etc Earthscan Publications LTD ,
Date of publication, distribution, etc c1991.
300 ## - PHYSICAL DESCRIPTION
Extent xi,196 p. :
500 ## - GENERAL NOTE
General note includes index
650 ## - SUBJECT ADDED ENTRY--TOPICAL TERM
Topical term or geographic name as entry element Physics
700 ## - ADDED ENTRY--PERSONAL NAME
Personal name Pitt David
942 ## - ADDED ENTRY ELEMENTS (KOHA)
Source of classification or shelving scheme Library of Congress Classification
Item type SES Book
Holdings
Withdrawn status Lost status Source of classification or shelving scheme Damaged status Not for loan Home library Current library Shelving location Date acquired Total Checkouts Full call number Barcode Date last seen Copy number Price effective from Koha item type
    Library of Congress Classification     UOE Main Library UOE Main Library Open shelf 19/07/2017   QC993.6 .N55 1991 10004239 27/04/2026 10004239 19/07/2017 SES Book